000 00560nam a22002177a 4500
001 00028751
005 20260413093323.0
008 260413b ag ||||| |||| 00| 0 spa d
020 _a9501515583
040 _aAR-CcCEOS
_bspa
_cAR-CcCEOS
041 _aspa
080 _a929
090 _bCLO
100 1 _aCloulas, Ivan
_9606
245 _aLorenzo :
_bEl MagnĂ­fico /
_cIvan Cloulas
264 _aBuenos Aires :
_bJavier Vergara,
_cc1996.
300 _a332 p. ;
_c24x15 cm.
650 0 _ahistoria
_990
655 0 _abiografĂ­a
_9191
942 _2udc
_cBK
_n0
999 _c28786
_d28786